000 00482nam a2200181Ia 4500
005 20250923144250.0
008 008 250917s9999 xx 000 0 eng d
037 _aTextual
040 _aDSWL
_beng
_cDSWL
041 _aeng
_2eng
084 _qDSWL
100 _aCole, Cooper Fay
_9823008
245 0 _aPeoples of Malaysia
_cby Cooper Fay Cole
260 _aNew York
_b Van Nostrand co
_c1945
300 _a354 p.
942 _cTEXL
999 _c1436769
_d1436769